Giáo trình đồ án thiết kế máy (Dùng trong các trường THCN)

Nội dung tài liệu hướng dẫn thực hiện một đồ án cho ngành khai thác và sửa chữa các thiết bị cơ khí chủ yếu là chuyên ngành gia công cắt gọt kim loại và sửa chữa máy công cụ.

Gardado en:
Detalles Bibliográficos
Autor Principal: Nguyễn, Quang Tuyến
Formato: Libro
Idioma:Undetermined
Publicado: Hà Nội Nhà xuất bản Hà Nội 2007
Những chủ đề:
Các nhãn: Engadir etiqueta
Sen Etiquetas, Sexa o primeiro en etiquetar este rexistro!
Thư viện lưu trữ: Trung tâm Học liệu Trường Đại học Cần Thơ
LEADER 00950nam a2200217Ia 4500
001 CTU_142761
008 210402s9999 xx 000 0 und d
020 |c 16500 
082 |a 621.82 
082 |b T527 
100 |a Nguyễn, Quang Tuyến 
245 0 |a Giáo trình đồ án thiết kế máy 
245 0 |b (Dùng trong các trường THCN) 
245 0 |c Nguyễn Quang Tuyến chủ biên 
260 |a Hà Nội 
260 |b Nhà xuất bản Hà Nội 
260 |c 2007 
520 |a Nội dung tài liệu hướng dẫn thực hiện một đồ án cho ngành khai thác và sửa chữa các thiết bị cơ khí chủ yếu là chuyên ngành gia công cắt gọt kim loại và sửa chữa máy công cụ. 
650 |a Machine design,Thiết kế máy 
904 |i Duy Bằng 
980 |a Trung tâm Học liệu Trường Đại học Cần Thơ